Basic engineering thermodynamics / (Record no. 28894)

000 -LEADER
fixed length control field 00440nam a2200181Ia 4500
003 - CONTROL NUMBER IDENTIFIER
control field OSt
005 - DATE AND TIME OF LATEST TRANSACTION
control field 20250602165920.0
008 - FIXED-LENGTH DATA ELEMENTS--GENERAL INFORMATION
fixed length control field 250310s9999||||xx |||||||||||||| ||und||
020 ## - INTERNATIONAL STANDARD BOOK NUMBER
International Standard Book Number 0-582-05504-0
040 ## - CATALOGING SOURCE
Transcribing agency .
082 ## - DEWEY DECIMAL CLASSIFICATION NUMBER
Classification number 621.4021
Item number J642
100 ## - MAIN ENTRY--PERSONAL NAME
9 (RLIN) 658
Personal name Joel, Rayner
245 #0 - TITLE STATEMENT
Title Basic engineering thermodynamics /
Statement of responsibility, etc. Rayner Joel
250 ## - EDITION STATEMENT
Edition statement 4th ed.
260 ## - PUBLICATION, DISTRIBUTION, ETC.
Place of publication, distribution, etc. England:
Name of publisher, distributor, etc. ELBS,
Date of publication, distribution, etc. 1989.
300 ## - PHYSICAL DESCRIPTION
Extent 803 p.
942 ## - ADDED ENTRY ELEMENTS (KOHA)
Koha item type Books
Source of classification or shelving scheme
Holdings
Withdrawn status Lost status Source of classification or shelving scheme Damaged status Not for loan Permanent Location Current Location Date acquired Full call number Barcode Date last seen Price effective from Koha item type
          IMU Kolkata IMU Kolkata 2025-03-10 621.4021 J642 07646 2025-03-10 2025-03-10 Books
Designed and Maintained by IMU-KC Library, Kolkata Campus © Copyright All Rights Reserved

webs counters

Powered by Koha